Zapadnaja civilizacija glazami musul'manina

Bibliographic Details
Main Author: Músaví Lárí, Mudžtabá, 1935- (Author)
Other Authors: Alijev, Rafik (Translator)
Format: Book
Language:Russian
Undetermined
PhysicalDescription:240 s. 21 cm
Published: Baku Centr islamovedčeskich issledovanij "Iršad" 1994
Subjects:

MARC

LEADER 00000cam a2200000 a 4500
001 vtls001396485
003 SK-MaSNL
005 20260301011906.0
008 251124s1994 aj r 00000 rus
035 |a SNK000350861 
040 |a SNK  |b slo  |c SNK  |e AACR2 
041 1 |a rus  |h und 
044 |a aj  |c AZ 
080 |a 008(100-15):297  |2 1981 
080 |a 23/28:297  |2 1981 
080 |a 297  |2 1981 
100 1 |a Músaví Lárí, Mudžtabá,  |d 1935-  |4 aut  |9 296028 
245 1 0 |a Zapadnaja civilizacija glazami musul'manina  |c Sajid Mudžtaba Rukni Musavi Lari ; perevod ... pod rukovodstvom Rafika Alijeva 
260 |a Baku  |b Centr islamovedčeskich issledovanij "Iršad"  |c 1994 
300 |a 240 s.  |c 21 cm 
650 0 7 |a západná civilizácia  |2 SNKPH  |9 1109 
650 0 7 |a kresťanstvo  |2 SNKPH  |9 2024 
650 0 7 |a islam  |2 SNKPH  |9 1821 
655 7 |a štúdie  |2 SNKPH  |9 57033 
700 1 |a Alijev, Rafik  |4 trl  |9 296029 
958 |a AZ 
999 |c 552124  |d 554054 
952 |t P60, <04>, [BOOK], {604}  |a SNK  |b SNK  |y VYP  |7 0  |p 17A0249640  |o snkIC 128849  |i snkV 1550/2000  |0 0  |1 0  |4 0  |d 2000-09-27  |l 0  |r 2005-01-02 00:00:00  |w 2026-02-23